| 000 | 00439nam a2200181Ia 4500 | ||
|---|---|---|---|
| 005 | 20250423101650.0 | ||
| 008 | 250422s9999 xx 000 0 und d | ||
| 020 | _a9788184486841 | ||
| 050 | _aQP 40 .B37/ | ||
| 100 | _aBasak, A. K. | ||
| 245 | 0 | _aViva in medical physiology | |
| 250 | _a2nd ed. | ||
| 260 | _aNew Delhi | ||
| 260 | _bJAYPEE BROTHERS Medical Publishers (P) Ltd. | ||
| 260 | _c2009 | ||
| 300 | _a258 p | ||
| 942 | _cBK | ||
| 999 |
_c36917 _d36917 |
||